LEADER 01235nam a2200289 u 4500 001 000000011481 003 CaOOAMICUS 005 20070226105430.0 008 940516s1957 be u000 u fre u 035 $a10282132 040 $aPUL(R)$bita 041 0 $afre$agrc 100 1 $aDiepen, Herman,$cO.S.B.,$d1908-$0(OLS)http://pul/name/6757 245 10$aAux origines de l'anthropologie de saint Cyrille d'Alexandrie /$cDom H.M. Diepen, O.S.B. 260 $a[S.l.] :$bDesclée de Brouwer,$c1957. 300 $a114 p. ;$c21 cm 490 1 $aTextes et études théologiques 500 $aComprende indici. 600 04$aCyrillus,$cs., patriarca di Alessandria,$dm. 444.$0(OLS)http://pul/subject/1177 830 0$aTextes et études théologiques.$0(OLS)http://pul/title/10176 850 $aPUL 852 $aPUL$W1$xSL Religione 1$y3$m25 F 15$j16249$nBK-PRI$b $qStampati$B16249$CPULBib$Z2$F16249 $H $81 941 1 $a8 960 $aCirillo,$cs., patriarca di Alessandria,$dm. 444$91177 961 $aINV: 34465 996 $6245$aAux origines de l'anthropologie de saint Cyrille d'Alexandrie$9(OLS)http://pul/title/16635 996 $6260$a[S.l.] :$bDesclée de Brouwer$9(OLS)http://pul/publisher/51415 LEADER 01404nam a2200301 u 4500 001 000000090474 003 CaOOAMICUS 005 20070226124728.0 008 051214s1962 it u000 u ita u 035 $a11072563 040 $aPUL(R)$bita 110 2 $aPapi (1958-1963 : Iohannes PP. XXIII).$0(OLS)http://pul/name/18013 245 10$aEncicliche e discorsi /$cGiovanni XXIII. 250 $a2. ed. 260 $aRoma :$bEdizioni Paoline,$c1962. 300 $av. <1-3> ;$c20 cm 490 1 $aIl pastore che ci guida 505 1 $av. 1 1958-59. -- v. 2. 1960. -- v. 3. 1961. 830 3$aIl pastore che ci guida.$0(OLS)http://pul/title/113796 850 $aPUL 852 $aPUL$W1$xDP1 Fondo Pastorale$y55$mP18 H 15.3$j114170$nBK-PRI$av.3$qFondi$B114170$CPULBib$Z2$F114170 $H26079 $82 852 $aPUL$W1$xDP1 Fondo Pastorale$y55$mP19 E 4.1$j114171$nBK-PRI$av.1$qFondi$B114171$CPULBib$Z2$F114171 $H26077 $81 852 $aPUL$W1$xDP1 Fondo Gelio$y54$m5 B 19(2)$j114172$nBK-PRI$av.2$qFondi$B114172$CPULBib$Z2$F114172 $H26078 $82 900 $aIohannes PP.$bXXIII,$cs.,$d1881-1963$918013 900 $aIohannes PP.$bXXIII,$cs.,$d1881-1963$918013 941 1 $a1 996 $6245$aEncicliche e discorsi$9(OLS)http://pul/title/108861 996 $6260$aRoma :$bEdizioni Paoline$9(OLS)http://pul/publisher/47933